Jak žít a vyhnout se syndromu vyhoření /
Populárně-naučná publikace se snaží najít cestu k duševnímu zdraví a poskytuje rady, jak se vyhnout syndromu vyhoření.
Uloženo v:
| Hlavní autor: | |
|---|---|
| Médium: | E-kniha |
| Jazyk: | Czech |
| Vydáno: |
V Praze :
Vyšehrad,
2018
|
| Vydání: | 3. vydání |
| Témata: | |
| Tagy: |
Žádné tagy |
| LEADER | 02864nam a2200565 i 4500 | ||
|---|---|---|---|
| 001 | 310950 | ||
| 003 | CZ PrSKC | ||
| 005 | 20260601215657.0 | ||
| 007 | ta | ||
| 008 | 180807s2018 xr a e f 000 0 cze | ||
| 015 | |a cnb003019403 | ||
| 020 | |a 9788076010048 |q (vázáno) : |c Kč 269,00 | ||
| 035 | |a (OCoLC)1051236138 | ||
| 035 | |a (OCoLC)908822466 | ||
| 040 | |a BOA001 |b cze |d ABA001 |e rda | ||
| 072 | 7 | |a 159.93/.94 |x Senzorické a motorické funkce. Emoce. Vůle |2 Konspekt | |
| 080 | |a 159.944.4 |2 MRF | ||
| 080 | |a 159.942 |2 MRF | ||
| 080 | |a 159.913 |2 MRF | ||
| 080 | |a 613.86 |2 MRF | ||
| 080 | |a 17.02 |2 MRF | ||
| 080 | |a (0.062) |2 MRF | ||
| 100 | 1 | |a Honzák, Radkin, |d 1939- |7 jn19990209257 |4 aut | |
| 245 | 1 | 0 | |a Jak žít a vyhnout se syndromu vyhoření / |c Radkin Honzák |
| 250 | |a 3. vydání | ||
| 264 | 1 | |a V Praze : |b Vyšehrad, |c 2018 | |
| 300 | |a 215 stran : |b ilustrace ; |c 21 cm | ||
| 336 | |a text |b txt |2 rdacontent | ||
| 337 | |a bez média |b n |2 rdamedia | ||
| 338 | |a svazek |b nc |2 rdacarrier | ||
| 504 | |a Obsahuje bibliografické odkazy | ||
| 520 | 2 | |a Populárně-naučná publikace se snaží najít cestu k duševnímu zdraví a poskytuje rady, jak se vyhnout syndromu vyhoření. |b Syndrom vyhoření (burnout) je definován jako stav naprostého fyzického a psychického vyčerpání, který s sebou nese vážné zdravotní důsledky. Navíc do tohoto stavu se dostávají lidé, kteří se snažili pracovat a žít s plným nasazením, neboť - jak říká autor: "Kdo vyhořel, musel předtím hořet." Proto se autor, renomovaný český psychiatr, zaměřuje na to, jak projít životem radostněji a bez zbytečných chyb. Kniha popisuje syndrom vyhoření, jak vzniká, co se na něm podílí, ale především se snaží najít cestu, jak se mu vyhnout. | |
| 650 | 0 | 7 | |a syndrom vyhoření |7 ph116370 |2 czenas |
| 650 | 0 | 7 | |a emoce |7 ph114465 |2 czenas |
| 650 | 0 | 7 | |a psychohygiena |7 ph115945 |2 czenas |
| 650 | 0 | 7 | |a zvládání stresu |7 ph135858 |2 czenas |
| 650 | 0 | 7 | |a životní harmonie |7 ph138147 |2 czenas |
| 650 | 0 | 9 | |a burn-out syndrome |2 eczenas |
| 650 | 0 | 9 | |a emotions |2 eczenas |
| 650 | 0 | 9 | |a mental hygiene |2 eczenas |
| 650 | 0 | 9 | |a stress management |2 eczenas |
| 650 | 0 | 9 | |a harmony of life |2 eczenas |
| 655 | 7 | |a populárně-naučné publikace |7 fd131864 |2 czenas | |
| 655 | 9 | |a popular works |2 eczenas | |
| 900 | |a ABA001 |b 19 | ||
| 928 | 9 | |a Albatros Media - Vyšehrad | |
| 044 | |a xr | ||
| 910 | |a RBIT002 | ||
| 998 | |d 179583 |a https://core.palmknihy.cz/api/books/179583/cover?pghfkk |b https://core.palmknihy.cz/api/books/179583/cover/400?pghfkk |c https://core.palmknihy.cz/api/books/179583/cover/50?pghfkk |e 2027-12-31 |g 224 |i 9788076010048 |j https://core.palmknihy.cz/api/books/179583/preview.epub |k https://core.palmknihy.cz/api/books/179583/preview.pdf |l |q 49 |r 1 |s https://www.palmknihy.cz/kniha/179583 |t ebook |y 2018 |z 0 | ||
| 999 | |d 310948 | ||